| 000 | 00700nam a2200205 i 4500 | ||
|---|---|---|---|
| 001 | 32746 | ||
| 003 | ES-MaACL | ||
| 005 | 20230906154628.0 | ||
| 007 | t| | ||
| 008 | 030131s1973 sp ||||1| spa d | ||
| 100 | 1 |
_aBertoni, Alberto. _928486 |
|
| 245 | 1 | 0 |
_aActividad monetaria de los intermediarios financieros no bancarios / _cAlberto Bertoni ; [versión española de Francisco Hortelano]. |
| 260 |
_aMadrid : _bICE, _c[1973] |
||
| 300 |
_a143 p. ; _c22 cm. |
||
| 490 | 1 | _aBiblioteca financiera del Banco Occidental | |
| 700 | 1 |
_aHortelano, Francisco. _964263 |
|
| 830 | 0 |
_aBiblioteca financiera del Banco Occidental _9181567 |
|
| 852 |
_aES-MaACL _jC-51928 _bR.85573 |
||
| 999 |
_c32746 _d32746 |
||